| 000 | 00593nam a22002417a 4500 | ||
|---|---|---|---|
| 999 |
_c306698 _d306698 |
||
| 001 | 20519 | ||
| 003 | UA-OsUOA | ||
| 005 | 20200319153145.0 | ||
| 007 | ta | ||
| 008 | 20031031b un ||||| |||| 00| 0 ukr d | ||
| 040 |
_aUA-OsUOA _brus _cUA-OsUOA _dUA-OsUOA |
||
| 041 | _arus | ||
| 044 | _aRU | ||
| 080 | _a911.375(477) | ||
| 090 | _a911.375(477) | ||
| 245 |
_a700 років міста Львова _cМ.К.Івасюти |
||
| 260 |
_aЛьвів _c1956 |
||
| 300 | _a75 с. | ||
| 650 | 7 | _2UDC | |
| 942 |
_cBK _2udc |
||
| 955 | _a4 | ||